000 00172 a2200097 4500
001 44475
100 _a
245 _a
260 _aHarrisburg
_b
_c
090 _c28187
_d28187
942 _aNUST-CAE
_c20210
_c
999 _c279548
_d279548